[Event "Beersheba g/30'"]
[Site "Beersheba"]
[Date "2004.04.19"]
[Round "7"]
[White "Erenburg, Sergey"]
[Black "Kortschnoj, Viktor Lvovich"]
[Result "0-1"]
[WhiteElo "2513"]
[BlackElo "2579"]
[Annotator "Erenburg,S"]
[PlyCount "80"]
[EventDate "2004.04.18"]
[EventType "tourn (rapid)"]
[EventRounds "11"]
[EventCountry "ISR"]
[EventCategory "12"]
[SourceTitle "CBM 101"]
[Source "ChessBase"]
[SourceDate "2004.07.27"]
[SourceVersion "1"]
[SourceVersionDate "2004.07.27"]
[SourceQuality "1"]

1. e4 {[%mdl 2] Psakhis} e6 2. d4 d5 3. e5 c5 4. c3 Qb6 5. Nf3 Nc6 6. a3 {
White's main idea is to get some space on the queenside, carrying out b2-b4.}
Nh6 {In opposite, black attacks with all the forces white's centre.} 7. b4 cxd4
8. cxd4 Nf5 9. Bb2 {Another theoretical line is} (9. Be3) 9... a5 $5 {[%mdl 4]
The most principal continuation, but, quite a rare one. More popular
continuations are:} (9... Bd7 {1-0 Timman,J-Hansen,C/Malmo 2003/CBM 95/
[Psakhis] (41)}) (9... Be7 {1/2-1/2 Shirov,A-Khalifman,A/Linares 2000/CBM 76/
[Psakhis] (20)}) 10. b5 a4 $1 {[%mdl 4] That was black's main idea behind his
previous move. Now black prevents from white to protect his a4 pawn, and
prepares the a5 square for his pieces.} 11. Ra2 $5 {defending the dark-squared
bishop, thus, forcing black to define the position of queenside knight. It is
very responsible decision, as white risks to play without queenside rook quite
a long time... White tried the following possibilities as well:} (11. g4 Nfe7
12. Nc3 Nb8 13. Bd3 Nd7 14. O-O Ng6 15. Rc1 Be7 16. Nxa4 Qa5 17. Nc5 O-O 18.
Bxg6 hxg6 19. Qd3 $14 {0-1 Sveshnikov,E-Bareev,E/Moscow 1995/CBM 46 ext (48)})
(11. Bc3 Nce7 12. g4 Nh6 13. h3 Bd7 14. Qd3 Ng6 15. Bd2 Be7 16. Nc3 O-O 17. Be2
Rfc8 18. h4 Qd8 19. h5 $14 {1-0 Cherniaev,A-Pushkov,N/Sochi 1993/CBM 38 (55)})
11... Nce7 ({Of course not} 11... Na5 $2 12. Qxa4 $16 {1-0 Sandipan,C-Wewers,R/
Senden 2002/CBM 90 ext (42)}) 12. Nc3 $146 {New move, according to my database.
In the preceding game white continued} (12. g4 Nh6 13. h3 Bd7 14. Nc3 Qa5 15.
Bd3 Nc8 16. O-O Nb6 17. Ra1 Rc8 $13 {1-0 Real de Azua,E-Della Morte,P/
Esperanza 2002/EXT 2003 (46)}) 12... Qa5 {defending the a4 pawn, and pinning
white's queenside knight.} 13. Bd3 Bd7 14. O-O Nc8 $1 {[%mdl 4] Very strong
move. Black improves the position of his knight, transfering it to b6.} 15. Qe2
(15. Qb1 {Psakhis} Nb6 16. Rc1 Rc8 $13) 15... Nb6 {Psakhis: 'White got nothing
from the opening: Black's pieces are well-developed and co-ordinated.'} 16. Rc1
Be7 ({Interesting alternative was} 16... Rc8 17. g4 (17. Ba1 $6 Be7 18. g4 Nh6
19. Ne1 Bg5 20. Rcc2 Nc4 21. Bxc4 (21. Ne4 Be7 $1 $17) 21... Rxc4 22. Ne4 Be7
$1 $17) 17... Nh6 18. Nd2 $13) 17. g4 {driving away the black's kingside
knight from an excelent position.} (17. Raa1 $5 {Psakhis} Rc8 18. Rc2 O-O 19.
Rac1 Rc7 $13) 17... Nh6 18. Ne1 {intending to transfer the knight to g2.} Bg5 (
18... Rc8 {comes to consideration.}) 19. Rc2 Rc8 20. Ng2 {preparing to carry
out f2-f4.} (20. Bc1 $5 {Psakhis} Bxc1 21. Rxc1 Nxg4 $5 22. Qxg4 Rxc3 23. Qxg7
Rf8 $13) 20... O-O ({Deserved attention} 20... Nc4 21. Ne4 (21. Bc1 Bxc1 22.
Rxc1 Nxe5 $15) 21... Be7 (21... dxe4 22. Bxc4 O-O 23. Bc3 $14) 22. Bc1 (22.
Bxc4 dxc4 23. Rxc4 O-O) 22... Bxb5 23. Bxh6 gxh6 24. Nd2 $44 {[%cal Yg2e3]})
21. f4 Be7 22. Ne3 $13 {White has succeeded to consolidate his pieces, and now
he is ready to play aggressively with g4-g5. The position is very complicated,
but my feeling is that the chances of the opponents are approximately equal.}
Kh8 $1 {Good prophylactic move. Also, black liberates the g8 square for his
knight. Other continuations are worse:} (22... Nc4 23. Ncxd5 exd5 24. Nxd5 $16)
(22... f6 23. exf6 Bxf6 (23... gxf6 24. Nexd5 $16) 24. g5 Bxd4 25. gxh6 Bxc3
26. Bxc3 Rxc3 27. Qd2 Rfc8 (27... d4 28. Bxh7+ Kxh7 29. Qxd4 $18) 28. Nd1 $18)
23. Ba1 {connecting the rooks through the second rank.} ({Now} 23. g5 {doesn't
promise white anything good:} Nf5 $1 24. Bxf5 exf5 25. Nexd5 Nxd5 26. Nxd5 Rxc2
27. Qxc2 Qe1+ 28. Kg2 Bxb5 $17) 23... Nc4 (23... Rc7 $5 {deserves attention.})
24. Nxc4 dxc4 25. Be4 $1 ({Worse is} 25. Bxc4 Nxg4 $132) 25... f5 $6 {
sacrificing the pawn.} ({Maybe black shouldn't allow white to capture the
material.} 25... b6 $5) 26. Bxb7 Rb8 27. Ba6 {seems ugly, but the bishop on a6
protects an important pawn b5 and covers c8 square.} ({But probably stronger
was simple} 27. Bc6 Bxc6 28. bxc6 fxg4 (28... Qa6 29. g5 Nf7 30. d5 $36) 29.
Qxc4 Nf5 (29... Rxf4 30. c7 Rc8 31. Qxa4 Qb6 32. Rab2 $18) 30. Rc1 $1 Nxd4 31.
Nxa4 Nf3+ 32. Kh1 Nd2 33. Bc3 $1 Nxc4 34. Bxa5 Rxf4 (34... Nxa5 35. c7 Rbc8 36.
Nb6 $18) 35. Bb4 $16 {/+-}) 27... fxg4 28. Qxc4 Rxf4 29. Rf2 {Finally, white's
rooks are in the game!} Rf5 30. d5 $1 {White had to "relive" his dark-squared
bishop.} Qb6 {Now black is going to counterattack.} (30... Rxe5 31. Rae2 $36)
31. Nxa4 Qe3 32. Rae2 $1 ({Worse is} 32. Bd4 Qe1+ 33. Qf1 Qa5 34. Nc3 Bh4 $132)
32... exd5 $1 {[%mdl 512] Black finds tactical resource!} (32... Qxa3 33. Bb2
$16) 33. Qc7 $1 {winning a rook, but the game isn't over...} ({White gets
nothing after} 33. Rxe3 dxc4 34. Rxf5 Nxf5 35. Re4 Bxb5 36. Bxb5 Rxb5 37. Rxc4
Rb1+ 38. Kf2 Kg8 $11) 33... Qxa3 34. Qxb8+ $16 {[%mdl 1024] Here I was sure,
that I'm going to win quite easily... But I was in serious time trouble, as
well as the position isn't as simple as it looks. Almost all the white pieces
are misplaced on the "a" file.} Ng8 35. Rxf5 $4 {Terrible move, which adds to
the attack black's light-squared bishop. The only reason for such a bad move
is time trouble.} ({White doesn't achieve an advantage after} 35. Bb2 Qxa4 36.
e6 Bxe6 37. Rxf5 Qd1+ 38. Rf1 Bc5+ 39. Ref2 Bxf2+ 40. Kxf2 Qd2+ 41. Kg1 Qe3+
42. Rf2 Qe1+ 43. Kg2 Qe4+ 44. Kf1 Qb1+ 45. Bc1 Qxc1+ 46. Kg2 Bf5 $1 47. Rxf5
Qc2+ 48. Rf2 Qe4+ $11) ({Right was} 35. Bc3 $1 Qxa4 36. e6 $1 Rxf2 37. Rxf2
Bxe6 38. Qe5 Qd1+ (38... Bf6 39. Rxf6 $1 $18) 39. Kg2 d4 40. Bxd4 (40. Qxd4 $4
Bd5+ $19) 40... Bf6 41. Qxe6 Bxd4 42. Qe2 $16) 35... Bxf5 $40 {Now,
objectively, black's attack is very dangerous and white's position is very
vulnerable, due to very passive pieces.} 36. Bb2 $2 {It is already the
decisive mistake.} (36. Re1 Bc5+ $1 (36... g3 $1 37. e6 Bd6 38. Bxg7+ Kxg7 39.
Qa7+ Kh6 40. Qe3+ Qxe3+ 41. Rxe3 gxh2+ 42. Kh1 Nf6 43. e7 Be4+ 44. Rxe4 dxe4
$15) 37. Nxc5 Qxc5+ 38. Kf1 Bd3+ 39. Kg2 Qb4 $3 $19) ({More resistant was} 36.
Bc3 $1 Qxa4 37. Qc7 $1 {covering the c5 square.} d4 $1 $40 {and, probably,
black will win.}) 36... Qxa4 $19 {Funny position - white is an exchange up,
but his position is absolutely hopeless... He cannot neutralize black's
activity.} 37. b6 Bc5+ 38. Kg2 Qxa6 39. Rf2 Be4+ 40. Kg3 Qd3+ 0-1

[Event "Beersheba g/30'"]
[Site "Beersheba"]
[Date "2004.04.21"]
[Round "10"]
[White "Kortschnoj, Viktor Lvovich"]
[Black "Tseitlin, Mark D"]
[Result "1-0"]
[WhiteElo "2579"]
[BlackElo "2455"]
[Annotator "Postny,E"]
[PlyCount "53"]
[EventDate "2004.04.18"]
[EventType "tourn (rapid)"]
[EventRounds "11"]
[EventCountry "ISR"]
[EventCategory "12"]
[SourceTitle "CBM 101"]
[Source "ChessBase"]
[SourceDate "2004.07.27"]
[SourceVersion "1"]
[SourceVersionDate "2004.07.27"]
[SourceQuality "1"]

1. Nf3 Nf6 2. c4 g6 3. Nc3 d5 4. Qa4+ Bd7 5. Qb3 dxc4 6. Qxc4 a6 {Modern line,
using by Peter Svidler with success.} ({Other theoretical continuations:} 6...
Bg7) (6... Nc6) 7. e4 {This move was introduced by Boris Gelfand few years ago.
White is intending to harass black's Nf6 with e4-e5.} (7. d4 {--> 1/2-1/2
Popov,V-Petrosian,T/Moscow 2004/CBM 100 [Postny,E] (81)}) (7. g3 {--> 1/2-1/2
Topalov,V-Svidler,P/Dos Hermanas 1999/CBM 71 [Mikhalevski,V] (38)}) 7... b5 (
7... Bc6 8. d3 Bg7 9. Be2 O-O 10. h3 b5 11. Qb3 Nbd7 12. Be3 e6 13. a4 $14 {
1-0 Smirin,I-Mikhalevski,V/Saint Vincent 2000/CBM 78 [Mikhalevski,V] (37)}) 8.
Qe2 c5 (8... Nc6 $6 {--> 1-0 Krasenkow,M-Mikhalevski,V/Saint Vincent 2000/CBM
78 [Mikhalevski,V] (16)}) (8... b4 {--> 1/2-1/2 Tsesarsky,I-Kantsler,B/Rishon
Le Ziyyon 2000/CBM 76 [Tsesarsky] (28)}) (8... Bc8 9. e5 Nd5 10. Ng5 e6 11. d4
Be7 12. h4 h6 13. Nf3 Bb7 14. g3 c5 15. dxc5 Nxc3 16. b3 Na4 17. b4 Nxc5 18.
bxc5 {1/2-1/2 Conquest,S-Rowson,J/Torshavn 2000/CBM 78 ext (18)}) 9. e5 Nh5 10.
Qe3 $1 $146 {[%mdl 8] Looks like a serious improvement of white's play.} (10.
Ne4 Nc6 (10... Bf5 11. d3 Nc6 12. h3 Qa5+ 13. Bd2 Nb4 14. Nxc5 Bh6 15. Rc1 Nf4
16. Qd1 Rc8 17. a3 Rxc5 18. axb4 Rxc1 19. Qxc1 $18 {1-0 Tolstikh,N-Groszpeter,
A/Pardubice 2001/CBM 83 ext (26)}) 11. Nxc5 Bf5 12. d3 e6 13. Ne4 Bb4+ 14. Bd2
Nf4 15. Qe3 Nd5 16. Qh6 Bf8 17. Nd6+ Qxd6 18. exd6 Bxh6 19. Bxh6 f6 $15 {
1-0 Gelfand,B-Svidler,P/Haifa 2000/CBM 74 ext (55)}) 10... Bc6 11. Be2 (11.
Qxc5 $2 Nf4 12. Qe3 Bh6 $17) 11... Qb6 $6 ({Better was} 11... Ng7 12. Qxc5 Ne6
13. Qe3 h5 {[%cal Gf8h6] with reasonable compensation for the pawn.}) 12. d4 $1
{Black has already serious problems.} cxd4 (12... e6 13. O-O cxd4 14. Nxd4 Bc5
15. Rd1 $16 {[%cal Gc3e4]}) 13. Nxd4 {White is better developed, while black's
Nh5 is very bad.} Bxg2 $2 {This is losing by force.} (13... Bh6 14. Qxh6 Qxd4
15. Bxh5 gxh5 16. Qg7 Rf8 17. Bh6 Nd7 18. e6 $1 $18) (13... Ng7 14. Nxc6 Qxe3
15. Bxe3 Nxc6 16. Nxb5 $1 axb5 17. Bxb5 Rc8 18. Rc1 Kd7 19. Ke2 $18 {[%cal
Rh1d1]}) ({The least of the evils for black was} 13... Bb7 $5) 14. Rg1 Bb7 15.
Bxh5 gxh5 16. e6 $18 fxe6 {It's easy to criticize this move, which loses a
rook, but black's position is lost anyway.} (16... Qd6 17. Ne4 Qd5 18. exf7+
Kxf7 19. Ng5+ Ke8 20. Nde6 $18) (16... f6 17. Qe2 $1 Qxd4 18. Qxh5+ Kd8 19. Be3
Qe5 20. O-O-O+ Kc7 21. Qe8 $18) (16... Nc6 17. exf7+ Kxf7 18. Qf3+ Ke8 19.
Qxh5+ $18) 17. Qe5 {[%csl Rh8] White is winning the whole rook without any
serious compensation.} Nd7 18. Qxh8 O-O-O 19. Be3 Qd6 20. O-O-O {Black could
resign already, but continued for few more moves, hoping for some chances in
time-trouble... After all, in rapid chess anything can happen!} b4 21. Ndb5
Qxh2 22. Na7+ Kb8 23. Qd4 bxc3 24. Bf4+ Qxf4+ 25. Qxf4+ Kxa7 26. Rxd7 cxb2+ 27.
Kxb2 1-0

[Event "George Marx Memorial 2nd"]
[Site "Paks"]
[Date "2004.06.06"]
[Round "2"]
[White "Kortschnoj, Viktor Lvovich"]
[Black "Nevednichy, Vladislav"]
[Result "1-0"]
[WhiteElo "2579"]
[BlackElo "2544"]
[Annotator "Kortschnoj,V"]
[PlyCount "97"]
[EventDate "2004.05.05"]
[EventType "tourn"]
[EventRounds "10"]
[EventCountry "HUN"]
[EventCategory "14"]
[SourceTitle "CBM 102"]
[Source "ChessBase"]
[SourceDate "2004.09.23"]
[SourceVersion "1"]
[SourceVersionDate "2004.09.23"]
[SourceQuality "1"]

1. Nf3 Nf6 2. c4 g6 3. Nc3 Bg7 4. e4 d6 5. d4 O-O 6. Be2 e5 7. Be3 Ng4 8. Bg5
f6 9. Bh4 Nc6 10. dxe5 {The other promising line is 10.d5 Ne7 11.h3 Nh6 12.g4,
with some advantage for white.} dxe5 11. Nd5 $146 ({According to previous
practice after} 11. Qxd8 Nxd8 12. Nd2 {white has a slight edge.}) 11... Nh6 {
With the threat to eliminate the knight f3 by g6-g5-g4 or Bg4.} 12. h3 Be6 {
During the game I have considered this move a big mistake and thought the best
would be 12...Nf7!, threatening to equalize chances by Nf7-g5. Hungarian
players suggested instead 12...g5 13.Bg3 f5, what also looks more promising
than the text-move. Still, one should not blame too hard this modest
developing move...} 13. Qb3 Qc8 14. O-O-O Kh8 {From now on black abstains from
active counterplay in the centre starting with f6-f5 and gradually slips down
into a hopeless position.} ({After} 14... f5 15. Be7 $1 Rf7 (15... Re8 16. Nf6+
) 16. Bc5 b6 17. Be3 Na5 {it would be not easy to evaluate the position.}) 15.
g4 {More careful would be 15.Kb1 or 15.Rhe1} Ng8 $6 ({Here} 15... f5 {looked
also very promising. Since Nd5 and Bh4 do not protect important squares in the
centre, white has problems to defend his stronghold - e4. Still, due to a
rather vulnerable location of the black king, chances were about equal:} 16.
gxf5 gxf5 17. Bd3 {(the best)} fxe4 (17... Bf7 {was too ambitious:} 18. Rhg1
Bh5 $2 (18... Bg6) 19. Rxg7 $1 {with advantage to white} Kxg7 20. Rg1+ Kh8 21.
Nxe5 Nxe5 22. Qc3 Qe6 23. Nf4 Qe8 (23... Qd6 $2 24. c5) 24. Nxh5 fxe4 25. Bxe4
Qxh5 26. Rg5 $18) 18. Bxe4 Bf5 (18... Nf5 19. Rhg1 Nd6 20. Bc2 {white stands
better.}) 19. Qd3 Bxe4 20. Qxe4 Qf5 {with about equal play.}) 16. Kb1 Nd8 17.
Bg3 Nf7 18. Qc3 c5 $6 {With his last moves white, obviously, was preparing a
push g4-g5. In order to hinder it black had to play now 18...Bh6 or 18...Re8.}
19. g5 $1 f5 $1 {The best answer.} 20. h4 {20.Ne5 Ng5 does not look convincing
at all.} f4 21. h5 $1 {After 21.Bh2 white pieces would need long time to
regroup in order come back into play...} gxh5 {The only move, of course.} 22.
Bh4 {Now white threatens with Nd5-f6, winning the pawn e5.} Bxd5 $2 {Giving up
this important bishop leads to a lost position.} ({More stubborn was} 22... Bg4
$1 {At that case} 23. Nf6 $6 {would be met by} Qc6) 23. cxd5 $16 Ne7 24. Nd2
Nd6 25. Bxh5 Ng6 26. Rc1 b6 27. Qf3 Re8 28. Bg4 Qb7 29. Bf5 $6 {It is a light
time-scramble. A plan - Qh3, f2-f3, Bf2 - looks self-evident and easily to be
found.} Kg8 30. Nc4 Rad8 31. Qh5 Qf7 32. Be6 $2 {To win an exchange is not
much in this position.} ({After} 32. Nxd6 Rxd6 33. f3 {and then Bf2, suggested
by Hungarien players, black's position was practically lost.}) 32... Rxe6 33.
dxe6 Qxe6 34. Nxd6 Rxd6 35. f3 Rd3 $2 {Black is in a big time trouble.} ({
He had to strengthen his presence on the d-file by} 35... Qd7 $1) 36. Bf2 Nf8
37. Rhd1 Qd7 ({However here} 37... Rxd1 {looked more promising for black -} 38.
Rxd1 Qc4 39. Be1 Qe2 40. Rc1 Qd3+ 41. Ka1 b5) 38. Qh1 Ne6 39. Qf1 c4 40. Rxd3
cxd3 41. Rd1 Nxg5 42. Qxd3 $18 Qxd3+ 43. Rxd3 Bf6 44. Kc2 Kf7 45. Ra3 Ke6 46.
Rxa7 Nxf3 47. Kd3 h5 48. Rh7 h4 49. a4 1-0

[Event "George Marx Memorial 2nd"]
[Site "Paks"]
[Date "2004.06.07"]
[Round "3"]
[White "Beliavsky, Alexander G"]
[Black "Kortschnoj, Viktor Lvovich"]
[Result "0-1"]
[WhiteElo "2667"]
[BlackElo "2579"]
[Annotator "Kortschnoj,V"]
[PlyCount "78"]
[EventDate "2004.05.05"]
[EventType "tourn"]
[EventRounds "10"]
[EventCountry "HUN"]
[EventCategory "14"]
[SourceTitle "CBM 102"]
[Source "ChessBase"]
[SourceDate "2004.09.23"]
[SourceVersion "1"]
[SourceVersionDate "2004.09.23"]
[SourceQuality "1"]

1. d4 Nf6 2. c4 e6 3. Nc3 Bb4 4. e3 d5 5. Nf3 O-O 6. Bd3 c5 7. O-O dxc4 8. Bxc4
Bd7 {One rather old line - a deviation from thee more applicable 8...Nbd7 or 8.
..cd 9.ed b6.} 9. Qe2 ({I had recently two games with} 9. a3 cxd4 10. Ne2 (10.
axb4 dxc3 11. bxc3 Qc7 12. Bd3 e5 13. Qc2 Re8 14. Nd2 $14 {Lesiege-Kortschnoj/
Montreal 2004}) 10... Bd6 $11 {Aleksandrov-Kortschnoj/EU-chT 2003}) 9... Bc6
10. Rd1 Nbd7 ({The theory recommends} 10... Bxf3 11. Qxf3 Nc6 {, but I don't
trust this line.}) 11. d5 exd5 12. Nxd5 Nxd5 13. Bxd5 Qc7 14. Bxc6 (14. e4 {
! is considered to be the strongest. But I believe after} Rae8 {black can hold
the position.}) 14... Qxc6 15. a3 Ba5 16. b4 Bc7 $2 ({After} 16... cxb4 17. Nd4
{black has serious problems to protect his tactical targets, since normal
moves like} Qf6 {do not work due to} 18. Qb5 {winning a piece.}) ({Still, the
text is grave error. After} 16... Bb6 {white would have had only a marginal
edge.}) 17. Bb2 Rad8 18. Rac1 $16 b6 19. Qc4 Rfe8 20. Rd5 $1 ({After} 20. Rd2 {
black could play} Nf8 $1 {because of the vulnerability of the first rank of
white's position.}) 20... Qe6 ({Here} 20... Nf8 {would be met by} 21. Rg5 Ne6
22. Qc3 $1 {winning.}) 21. Ng5 (21. Qc3 $1 {(to avoid a pin Qe6-Rd5-Qc4)} f6
22. Rcd1 {suggested by Hungarian players, was strong.}) ({also with a big
advantage for white.} 21. Kf1 $5) 21... Qg6 22. h4 h6 23. Nf3 Qe6 24. Rcd1 ({
Here} 24. Kf1 {is not convincing: black may regroup his pieces with} Bd6 {
with chances to survive.}) 24... Nf6 25. Bxf6 Qxf6 26. Rxd8 (26. bxc5 Rxd5 27.
Qxd5 (27. Rxd5 Qa1+ 28. Qf1 Qxa3 29. c6 Qc3 30. Nd4 Be5 {and black is not in
danger anymore.}) 27... Rd8 28. Qb3 Rxd1+ 29. Qxd1 bxc5 $14) 26... Rxd8 27.
Rxd8+ Qxd8 28. bxc5 Qd1+ ({After} 28... bxc5 29. g3 {white stands certainly
better. Black tries to complicate the matters.}) 29. Qf1 Qb3 30. Qc1 $2 (30. c6
{was not good because of several reasons. The simplest way for black was:} Qc3
31. Nd4 Be5 32. Nf5 Kh7 {- black wins a pawn back.}) ({But after} 30. cxb6 axb6
31. Qa1 {white would keep his extra-pawn, still with some winning chances.})
30... bxc5 31. Nd2 Qd3 32. g3 Ba5 33. Nc4 Bc3 $11 34. Qf1 Qc2 35. Qg2 Qd1+ 36.
Qf1 Qc2 37. Qg2 Qd1+ {The position is equal - white can't make progress.} 38.
Kh2 $4 {In severe time trouble white commits a blunder.} Qd3 $19 39. Qa8+ Kh7
0-1